| 000 | 00825cam a2200241 a 4500 | ||
|---|---|---|---|
| 001 | 1213579 | ||
| 005 | 20180123073059.0 | ||
| 008 | 990326m20009999njua b 000 0 eng | ||
| 010 | _a 99026935 | ||
| 020 | _a0130832022 (vol. 1) | ||
| 020 | _a0130832030 (vol. 2) | ||
| 040 |
_aDLC _cDLC _dDLC |
||
| 041 | _aeng | ||
| 080 | _a909.09812 PER | ||
| 082 | 0 | 0 |
_a909.09812 PER _221 |
| 100 | _a16 | ||
| 101 | _aHIS | ||
| 245 | 0 | 0 |
_aAspects of Western civilization : _cedited by Perry M. Rogers. |
| 504 | _aIncludes bibliographical references. | ||
| 906 |
_a7 _bcbc _corignew _d1 _eocip _f19 _gy-gencatlg |
||
| 942 |
_2ddc _cBK |
||
| 999 |
_c40784 _d40784 |
||